| 000 | 00844nam a22002537a 4500 | ||
|---|---|---|---|
| 999 |
_c12296 _d12296 |
||
| 003 | AR-CdUCM | ||
| 008 | 190408b ||||| |||| 00| 0 spa d | ||
| 040 |
_aMUNICIPALIDAD PROVINCIAL DEL CUSCO _cBIBLIOTECA MUNICIPAL DEL CUSCO |
||
| 041 | _hita | ||
| 082 |
_a858.74 / _bM23 / 1894 |
||
| 100 |
_aManzoni, Alejandro _930088 |
||
| 245 |
_aLos novios : _bhistoria milanesa del siglo XVI / |
||
| 260 |
_aMadrid : _bLibr. de la viuda de Hernando y cia, _c1894. |
||
| 300 |
_a526 páginas ; _c18 cm. |
||
| 440 |
_aBiblioteca clásica ; _n31 _930089 |
||
| 500 | _aDedicatoria | ||
| 505 | _aContenido: Obra literaria los novios. | ||
| 650 |
_aLiteratura italiana _9615 |
||
| 650 |
_aObras dramáticas _930090 |
||
| 650 |
_aLírica _95909 |
||
| 700 |
_aGallego, Juan Nicasio (traductor) _930091 |
||
| 942 |
_2ddc _cLIBROS |
||
| 945 |
_aacv _d08/04/2019 |
||